000 01340nam a2200337 a 4500
999 _c330062
_d330062
001 3446548
003 NUST
005 20170607105247.0
008 911206s1991 ii a b 100 0 eng
010 _a 91906596
020 _c8123701403
025 _aI-E-65941
040 _aDLC
_cDLC
_dDLC
050 0 0 _aGC2
_b.S425 1990
082 0 0 _a551 MAL
_220
100 _aMalhotra,A.K
_92116
111 2 _aSeminar on "Ocean Science and Technology"
_d(1990 :
_cTrivandrum, India)
_92117
245 1 0 _aOcean science and technology
_cA.K.Malhotra
260 _aNew Delhi :
_bIndian National Science Academy,
_c2000.
300 _a204 p. :
_bill. (some col.) ;
_c14 cm.
500 _aCover title: Ocean science & technology.
501 _aP.B
650 0 _aOceanography
_xCongresses.
_92118
650 0 _aOcean engineering
_xCongresses.
_92119
650 0 _aMarine resources
_xCongresses.
_92120
710 2 _aIndian National Science Academy.
_92121
740 0 _aOcean science & technology.
906 _a7
_bcbc
_corignew
_d3
_encip
_f19
_gy-gencatlg
942 _2ddc
_cBK
_k551 MAL